| 000 | 00641nam a2200229 a 4500 | ||
|---|---|---|---|
| 001 | 13605 | ||
| 003 | BD-JhCC | ||
| 005 | 20240303080917.0 | ||
| 008 | 171128s2024 bg |||| ||a| 000 0 ben d | ||
| 020 | _a9789845028752 | ||
| 035 | _a(BD-JhCC)13605 | ||
| 040 |
_aBD-JhCC _dBD-JhCC |
||
| 041 | _abengali | ||
| 082 |
_a891.4415 _bAHM 2024 |
||
| 100 | _a আহমেদ, সামস | ||
| 245 |
_aনিঃসঙ্গ চাঁদ / _cসামস আহমেদ । |
||
| 260 |
_aঢাকা : _bঅন্য প্রকাশ; _c2024. |
||
| 300 |
_a77 p. : _c22 cm. |
||
| 650 | _aBengali Poem. | ||
| 942 |
_2ddc _cBK |
||
| 999 |
_c13605 _d13605 |
||